000 00626nas a2200229 4500
001 BR8502913
003 BR-BrBNA
005 20231205090221.0
007 ta
008 230509b bl.|||p| |||| 00| 00por d
040 _aBR-BrBNA
_bpor
_cBiblioteca Nacional de Agricultura
041 _a(Pt)
072 _aM12
100 1 _aDines, T.E.
245 1 _aEscargots: e facil iniciar uma criacao
650 _aAQUICULTURA
650 _aESCARGOT
650 _aCRIACAO
773 0 _tLavoura (Brazil)
_xISSN 0023-9135
_g(Jul-Aug 1984), v. 86 p. 38
_wBR8502913
909 _a202311
_bLúcia
_c55
_dLúcia Elande
942 _2AGRIS
_n0
_cANA
999 _c116879
_d116879